| 000 | 00863nmm a2200277 a 4500 | ||
|---|---|---|---|
| 003 | AR-BaBNM | ||
| 005 | 20251128211655.0 | ||
| 008 | 165020s2005 ||||||||||||||000 | spa|| | ||
| 020 | _a987-21980-0-X | ||
| 040 | _cAR-BaBNM | ||
| 245 | 1 | 0 |
_aSantiago, el ala que brota _btodos los políticos santiagueños van al cielo, la bitácora inútil, un nuevo sistema político para Santiago del Estero, el medioevo argentino |
| 260 |
_aBuenos Aires _bUtopía y Sueños _c2005 |
||
| 300 | 0 | _a128 p. | |
| 650 | 4 | _aHISTORIA SANTIAGUENA | |
| 650 | 4 | _aPOLITICOS | |
| 650 | 4 | _aINTERVENCIONES FEDERALES ARGENTINAS | |
| 650 | 4 | _aINVESTIGACION | |
| 650 | 4 | _aANALISIS SOCIOLOGICO | |
| 650 | 4 | _aHISTORIA POLITICA | |
| 700 | 1 | _aDargoltz, Raúl E. | |
| 700 | 1 | _aCao, Horacio | |
| 700 | 1 | _aGerez, Oscar | |
| 700 | 1 | _aVaca, Josefina | |
| 942 | _cBK | ||
| 998 | _cmariana | ||
| 999 |
_c20659 _d20659 |
||